#1-300 Time Trial Quiz Stats

 Plays Quiz not verified by Sporcle

Challenge
Share
Tweet
Embed
Score 0/300 Timer 04:00
0 Plays Today
Number % Correct
1
100%
2
95%
3
95%
4
95%
5
95%
6
95%
7
95%
8
90%
9
90%
10
90%
11
90%
22
90%
30
90%
44
90%
55
90%
81
90%
86
90%
89
90%
97
90%
98
90%
99
90%
111
90%
12
85%
13
85%
14
85%
23
85%
25
85%
29
85%
32
85%
33
85%
34
85%
36
85%
37
85%
38
85%
40
85%
43
85%
45
85%
46
85%
50
85%
53
85%
54
85%
60
85%
65
85%
66
85%
70
85%
72
85%
77
85%
80
85%
82
85%
83
85%
84
85%
85
85%
87
85%
88
85%
90
85%
91
85%
92
85%
93
85%
94
85%
95
85%
96
85%
121
85%
123
85%
124
85%
15
80%
16
80%
17
80%
18
80%
19
80%
20
80%
21
80%
24
80%
26
80%
27
80%
28
80%
31
80%
35
80%
39
80%
41
80%
42
80%
47
80%
48
80%
49
80%
51
80%
57
80%
58
80%
59
80%
61
80%
62
80%
63
80%
64
80%
67
80%
68
80%
69
80%
71
80%
73
80%
74
80%
75
80%
76
80%
78
80%
Number % Correct
79
80%
100
80%
101
80%
102
80%
103
80%
104
80%
105
80%
106
80%
107
80%
108
80%
109
80%
110
80%
112
80%
113
80%
114
80%
115
80%
116
80%
117
80%
118
80%
119
80%
120
80%
122
80%
125
80%
126
80%
127
80%
128
80%
129
80%
52
75%
56
75%
130
75%
131
75%
132
75%
134
75%
135
75%
136
75%
133
70%
137
70%
138
70%
139
70%
140
70%
141
70%
142
65%
143
65%
144
65%
145
65%
146
65%
147
65%
148
65%
149
65%
150
65%
151
65%
152
65%
153
65%
161
65%
222
65%
154
60%
155
60%
156
60%
157
60%
158
60%
159
60%
160
60%
162
60%
163
60%
164
60%
165
60%
166
60%
167
60%
168
60%
169
60%
170
60%
171
60%
172
60%
173
60%
174
60%
175
60%
176
60%
177
60%
178
60%
179
60%
180
60%
181
60%
183
60%
200
60%
202
60%
203
60%
204
60%
300
55%
182
55%
184
55%
185
55%
186
55%
187
55%
188
55%
189
55%
190
55%
191
55%
192
55%
193
55%
194
55%
Number % Correct
195
55%
196
55%
197
55%
198
55%
199
55%
201
55%
205
55%
206
55%
207
55%
208
55%
209
55%
210
55%
211
55%
212
55%
213
55%
214
55%
215
55%
216
55%
217
55%
218
55%
219
55%
220
55%
221
55%
223
55%
224
55%
225
55%
226
55%
227
55%
228
55%
229
55%
230
55%
231
55%
233
55%
234
55%
243
55%
232
50%
235
50%
236
50%
237
50%
238
50%
239
50%
241
50%
242
50%
244
50%
245
50%
246
50%
247
50%
248
50%
249
50%
250
50%
251
50%
252
50%
253
50%
254
50%
255
50%
256
50%
257
50%
258
50%
259
50%
260
50%
261
50%
262
50%
263
50%
264
50%
265
50%
266
50%
267
50%
268
50%
269
50%
270
50%
271
50%
272
50%
273
50%
274
50%
275
50%
276
50%
277
50%
278
50%
279
50%
280
50%
281
50%
282
50%
283
50%
284
50%
285
50%
286
50%
287
50%
288
50%
289
50%
290
50%
291
50%
292
50%
293
50%
240
45%
294
45%
299
45%
295
40%
296
40%
297
40%
298
40%

You're not logged in!

Compare scores with friends on all Sporcle quizzes.
OR
Log In

You Might Also Like...

Show Comments

Extras

Created Apr 8, 2012ReportNominate
Tags:300, minute, trial

Top Quizzes Today


Score Distribution

Your Account Isn't Verified!

In order to create a playlist on Sporcle, you need to verify the email address you used during registration. Go to your Sporcle Settings to finish the process.

Report this User

Report this user for behavior that violates our Community Guidelines.

Details: